1303 1247 1341 1059 1131 1906 1229 1057 1435 1122 1221 1879 1300 1559 1842 1482 1795 1171 1200 1844 1313 1876 1205 1210 1312 1375 1719 1931 1267 1107 1323 1254 1318 1252 1657 1851 1845 1512 1660 1691 1055 1504 1320 1793 1924 1696 1490 1364 1375 1327 1713 1001 1904 1608 1235 1534 1364 1064 1473 1271 1758 1644 1918 1056 1625 1325 1561 1895 1840 1027 1802 1366 1600 1851 1288 1470 1090 1294 1122 1301 1733 1083 1954 1759 1482 1870 1347 1449 1666 1019 1422 1000 1604 1520 1644 1472 1448 1672 1535 BCNSPRNW ULIB Ver.6.0+V

เปลี่ยนเป็นภาษาไทย

Change to English
 แสดงรายละเอียดบรรณานุกรม
  กลับหน้าหลัก

Brief Record : Get Marc (ISO 2709) : E-mail record : QR code < ปิดหน้าต่าง
LEADER : 00000nam 2200000uu 4500
001    13399124506
003     ULIB
008    150817s2556 th a 000 0 tha d
020    9789749804254
020    9789749804252
090    นว.^bล158ฤ ล.6
100    ล่อร่า อิงกัลล์ส์ ไวล์เดอร์;^eผู้แต่ง
245    ฤดูหนาวอันแสนนาน/^cล่อร่า อิงกัลล์ส์ ไวล์เดอร์. ; เขียน ,สุคนธรส. ; แปล
250    พิมพ์ครั้งที่ 8
260    กรุงเทพฯ :^bแพรวเยาวชน,^c2556
300    335 หน้า;^b18.5 ซม.
500    หนังสือชุดบ้านเล็ก
700    สุคนธรส ;^eแปล
945    ^p235^l0^i039777
999    ^aทศพร
รายการนี้ยังไม่มีแท็ก
คุณยังไม่ได้ล็อกอิน คุณสามารถมีกิจกรรมร่วมกับเว็บไซต์ได้ แต่ต้องล็อกอินก่อน ::
  ล็อกอิน

รายการสื่อสารสนเทศ

ลำดับที่ ประเภท เลขเรียก/บาร์โค้ด สถานที่ สถานะ
1. นวนิยาย
นวนิยาย
นว. ล158ฤ ล.6 ฉ.1 
  Barcode: 039777
ห้องสมุดวิทยาเขตสวรรค์ประชารักษ์
►นวนิยาย
บนชั้น
  ขอยืม

BibComment


ยังไม่เคยถูกคอมเมนท์

คอมเมนท์ทรัพยากรรายการนี้
  คอมเมนท์: ฤดูหนาวอันแสนนาน ..


 Copyright 2026. Bcnsprnw @Library